000 00456nam a2200181Ia 4500
001 23091
003 IN-NITTTR
005 20251114233300.0
008 251113s9999||||xx |||||||||||||| ||eng||
040 _beng
040 _cIN-NITTTR
041 _aeng
082 _a519.4 G311A
100 _aGerald, Curtis F.
245 0 _aApplied numerical analysis. /
_cGerald, Curtis F., Wheatley, Patrick O.
700 _a Wheatley, Patrick O.
942 _2ddc
_cBK
999 _c25720
_d25720